[Event "27. ekipno prvenstvo RH - I.B"]
[Site "Biograd, Hotel Adria"]
[Date "2018.09.22"]
[Round "8.53"]
[White "Maier, Christian"]
[Black "Saric, Ibro"]
[Result "0-1"]
[WhiteElo "2357"]
[BlackElo "2546"]
[PlyCount "124"]
[EventDate "2018.09.15"]
[WhiteTeam "ŠK VINKOVCI Vinkovci"]
[BlackTeam "ŠK MORNAR Split"]

1. e4 c5 2. Nf3 e6 3. g3 Nc6 4. Bg2 d5 5. Nc3 d4 6. Ne2 e5 7. d3 f6 8. O-O Be6
9. Nh4 Qd7 10. f4 O-O-O 11. f5 Bf7 12. Bh3 c4 13. Bd2 Kb8 14. Nf3 Nge7 15. g4
h6 16. Ng3 Nc8 17. Rf2 c3 18. bxc3 dxc3 19. Be3 Ba3 20. Rb1 Bb2 21. Rxb2 cxb2
22. Qb1 Qe7 23. Qxb2 Qb4 24. Qxb4 Nxb4 25. a3 Nc6 26. Bf1 Nd6 27. c4 Kc7 28.
Rb2 Nc8 29. Kf2 Nb6 30. Be2 Na4 31. Rd2 b6 32. Bd1 Nc5 33. Bc2 Rd7 34. Ke2 Na5
35. h4 Rhd8 36. g5 hxg5 37. hxg5 Rh8 38. g6 Be8 39. Bf2 Rh3 40. Rd1 Rd8 41. Ng1
Rh8 42. Nf3 Ba4 43. Bxa4 Nxa4 44. Rc1 Nb3 45. Rc2 Nac5 46. d4 exd4 47. Rb2 d3+
48. Ke3 Rhe8 49. Nd2 Nxd2 50. Rxd2 Rd7 51. Kf3 Nb3 52. Rd1 d2 53. Be3 Kc6 54.
Nh5 Rh8 55. Kg4 Re7 56. Nxg7 Rxg7 57. e5 fxe5 58. Kg5 Rh2 59. Kf6 Rd7 60. Kxe5
Re2 61. Kf4 Re1 62. Rxd2 Nxd2 0-1

[Event "27. ekipno prvenstvo RH - I.B"]
[Site "Biograd, Hotel Adria"]
[Date "2018.09.22"]
[Round "8.54"]
[White "Plenca, Julijan"]
[Black "Stocko, Josip"]
[Result "1-0"]
[WhiteElo "2417"]
[BlackElo "2322"]
[PlyCount "67"]
[EventDate "2018.09.15"]
[WhiteTeam "ŠK MORNAR Split"]
[BlackTeam "ŠK VINKOVCI Vinkovci"]

1. e4 c5 2. Nf3 d6 3. d4 cxd4 4. Nxd4 Nf6 5. Nc3 a6 6. Bg5 e6 7. f4 h6 8. Bh4
Be7 9. Qf3 Qc7 10. O-O-O Nbd7 11. Bd3 O-O 12. g4 b5 13. Rhg1 b4 14. Nce2 Nc5
15. g5 hxg5 16. Rxg5 Ne8 17. Rh5 Nxd3+ 18. Qxd3 g6 19. Rh6 Bxh4 20. Rxh4 Kg7
21. f5 Rh8 22. Rxh8 Kxh8 23. fxg6 e5 24. Nf5 fxg6 25. Rg1 gxf5 26. Qd5 Nf6 27.
Qxa8 Kh7 28. Ng3 Qc5 29. Rd1 f4 30. Nf5 f3 31. Ng3 Ng4 32. Qd5 Ne3 33. Qxc5
dxc5 34. Rd3 1-0

[Event "27. ekipno prvenstvo RH - I.B"]
[Site "Biograd, Hotel Adria"]
[Date "2018.09.22"]
[Round "8.55"]
[White "Pucovski, Miroslav"]
[Black "Bobanac, Miro"]
[Result "0-1"]
[WhiteElo "2241"]
[BlackElo "2288"]
[PlyCount "100"]
[EventDate "2018.09.15"]
[WhiteTeam "ŠK VINKOVCI Vinkovci"]
[BlackTeam "ŠK MORNAR Split"]

1. e4 c5 2. c3 Nf6 3. e5 Nd5 4. Bc4 e6 5. d4 d6 6. Nf3 cxd4 7. cxd4 Be7 8. O-O
O-O 9. Nc3 Nxc3 10. bxc3 dxe5 11. Nxe5 Nc6 12. Nf3 b6 13. Qe2 Bb7 14. Re1 Bf6
15. Bd3 Rc8 16. Nd2 Ne7 17. Ne4 Bxe4 18. Qxe4 g6 19. Bh6 Bg7 20. Bxg7 Kxg7 21.
Rac1 Qd5 22. Qe2 Rfd8 23. Red1 Qg5 24. Be4 Rxd4 25. cxd4 Rxc1 26. g3 Rxd1+ 27.
Qxd1 Qa5 28. Qa1 Nd5 29. Bxd5 Qxd5 30. Qb2 b5 31. a3 a5 32. h4 h5 33. Qc3 a4
34. Qe3 Kg8 35. Qf4 Kg7 36. Qe3 Kf8 37. Qf4 Qc6 38. Qb8+ Ke7 39. Qe5 Qc1+ 40.
Kh2 Qxa3 41. Qxb5 Qb3 42. Qc5+ Kd7 43. Qa7+ Kc6 44. Qxf7 a3 45. Qxg6 a2 46. d5+
Kc5 47. dxe6 a1=Q 48. e7 Qd5 49. Qc2+ Kb4 50. f3 Qaa2 0-1

[Event "27. ekipno prvenstvo RH - I.B"]
[Site "Biograd, Hotel Adria"]
[Date "2018.09.22"]
[Round "8.56"]
[White "Brulic, Denis"]
[Black "Bubalovic, Davorin"]
[Result "1/2-1/2"]
[WhiteElo "2232"]
[BlackElo "2206"]
[PlyCount "51"]
[EventDate "2018.09.15"]
[WhiteTeam "ŠK MORNAR Split"]
[BlackTeam "ŠK VINKOVCI Vinkovci"]

1. Nf3 g6 2. g3 Bg7 3. Bg2 d6 4. d4 c5 5. O-O Na6 6. b3 Nf6 7. Bb2 O-O 8. c4
Rb8 9. Nc3 Bd7 10. e4 cxd4 11. Nxd4 Nc5 12. Qe2 Ne6 13. Qd2 Qa5 14. Nxe6 Bxe6
15. Rad1 Rfe8 16. Rfe1 a6 17. a3 Qb6 18. Qc2 Qc5 19. Nd5 Nxd5 20. Bxg7 Ne3 21.
Rxe3 Kxg7 22. Qb2+ f6 23. Rc3 Rec8 24. b4 Qh5 25. Rdc1 b6 26. Qd2 1/2-1/2

[Event "27. ekipno prvenstvo RH - I.B"]
[Site "Biograd, Hotel Adria"]
[Date "2018.09.23"]
[Round "9.13"]
[White "Saric, Ibro"]
[Black "Krstic, Uros"]
[Result "1-0"]
[WhiteElo "2546"]
[BlackElo "2364"]
[PlyCount "118"]
[EventDate "2018.09.15"]
[WhiteTeam "ŠK MORNAR Split"]
[BlackTeam "ŠK STRIDON Štrigova"]

1. e4 c6 2. d4 d5 3. e5 c5 4. dxc5 e6 5. Nf3 Bxc5 6. Bd3 Nc6 7. O-O Nge7 8.
Nbd2 Ng6 9. Nb3 Bb6 10. Re1 Bd7 11. Be3 Bc7 12. Bxg6 hxg6 13. Bd4 Nxd4 14.
Nbxd4 Bb6 15. c3 Rc8 16. Qd2 Bc5 17. g3 Be7 18. h4 Rh5 19. Kg2 Qb6 20. Rh1 f6
21. Rae1 f5 22. Ng5 Bc5 23. Nh3 Bxd4 24. cxd4 Rc4 25. Rd1 a5 26. Nf4 Rh6 27. b3
Rb4 28. Qe3 a4 29. bxa4 Bxa4 30. Rd2 Kf7 31. Nd3 Rc4 32. Nf4 Bc6 33. h5 gxh5
34. Rxh5 Qb1 35. Rxh6 gxh6 36. Nd3 Kg6 37. Qf3 Kg7 38. Rd1 Qc2 39. Nf4 Qe4 40.
Nxe6+ Kf7 41. Nf4 Rc2 42. Rh1 Rd2 43. Rxh6 Rxd4 44. Ne6 Qxf3+ 45. Kxf3 Ra4 46.
Nd8+ Kg7 47. Rd6 Be8 48. Rxd5 Rxa2 49. Ne6+ Kf7 50. Nd4 Ke7 51. Ke3 Bd7 52. f3
Ra4 53. Rd6 Ra3+ 54. Kf4 Ra4 55. Kg5 Ra3 56. Rb6 Rd3 57. Rb4 Bc8 58. Kf4 Bd7
59. Rc4 Ra3 1-0

[Event "27. ekipno prvenstvo RH - I.B"]
[Site "Biograd, Hotel Adria"]
[Date "2018.09.23"]
[Round "9.14"]
[White "Vernacki, Srdjan"]
[Black "Plenca, Julijan"]
[Result "0-1"]
[WhiteElo "2357"]
[BlackElo "2417"]
[PlyCount "64"]
[EventDate "2018.09.15"]
[WhiteTeam "ŠK STRIDON Štrigova"]
[BlackTeam "ŠK MORNAR Split"]

1. e4 e6 2. Qe2 c5 3. Nf3 Nc6 4. g3 d6 5. Bg2 g6 6. O-O Bg7 7. c3 Nge7 8. Na3
O-O 9. Nc2 e5 10. Ne3 h6 11. Nd5 Be6 12. Ne1 Qd7 13. Nc2 f5 14. d3 Rae8 15. a3
f4 16. gxf4 Bh3 17. Nxe7+ Rxe7 18. fxe5 Bxg2 19. Kxg2 Rxe5 20. f4 Rh5 21. Be3
d5 22. Bxc5 dxe4 23. Bxf8 exd3 24. Qf3 dxc2 25. Bxg7 Kxg7 26. Rae1 Rd5 27. Re2
Rd3 28. Qe4 Qh3+ 29. Kg1 Qxf1+ 30. Kxf1 c1=Q+ 31. Kf2 Rd2 32. Kg3 Qg1+ 0-1

[Event "27. ekipno prvenstvo RH - I.B"]
[Site "Biograd, Hotel Adria"]
[Date "2018.09.23"]
[Round "9.15"]
[White "Bobanac, Miro"]
[Black "Trbojevic, Mladen"]
[Result "1/2-1/2"]
[WhiteElo "2288"]
[BlackElo "2353"]
[PlyCount "110"]
[EventDate "2018.09.15"]
[WhiteTeam "ŠK MORNAR Split"]
[BlackTeam "ŠK STRIDON Štrigova"]

1. Nf3 g6 2. g3 Bg7 3. d4 c5 4. c3 Nf6 5. Bg2 O-O 6. O-O d5 7. Ne5 Be6 8. Nd2
cxd4 9. cxd4 Nbd7 10. Ndf3 Qb6 11. b3 Ne4 12. Be3 Rac8 13. Qb1 Bf5 14. Qb2 Nd6
15. Nxd7 Bxd7 16. Ne5 Be6 17. Qd2 Nf5 18. Nf3 Nxe3 19. fxe3 Bh6 20. Rac1 Bf5
21. Rxc8 Rxc8 22. Rc1 Rxc1+ 23. Qxc1 Qc6 24. Qd2 Qc2 25. Kf2 Be4 26. Qxc2 Bxc2
27. Ne1 Bb1 28. a3 e6 29. Nd3 b6 30. e4 dxe4 31. Bxe4 Bf8 32. b4 a5 33. bxa5
bxa5 34. a4 h5 35. Bc6 Bd6 36. Nf4 h4 37. Nd3 Kg7 38. Ne5 hxg3+ 39. hxg3 Bc7
40. Bb5 Kf6 41. Bd3 Bxd3 42. Nxd3 e5 43. dxe5+ Bxe5 44. g4 Bc3 45. Kf3 Ke6 46.
e4 Bd2 47. Ke2 Bc3 48. Kf3 Kf6 49. Kf4 Bd2+ 50. Kf3 Kg5 51. Ne5 Kf6 52. Nd3 Ke6
53. Ke2 Bc3 54. Kf3 Kd6 55. Ke2 Bd4 1/2-1/2

[Event "27. ekipno prvenstvo RH - I.B"]
[Site "Biograd, Hotel Adria"]
[Date "2018.09.23"]
[Round "9.16"]
[White "Tomasic, Roland"]
[Black "Saric, Luka"]
[Result "0-1"]
[WhiteElo "2166"]
[BlackElo "2111"]
[PlyCount "78"]
[EventDate "2018.09.15"]
[WhiteTeam "ŠK STRIDON Štrigova"]
[BlackTeam "ŠK MORNAR Split"]

1. e4 c5 2. Nf3 e6 3. d4 cxd4 4. Nxd4 Nc6 5. Nc3 Qc7 6. Be3 a6 7. Qd2 Nf6 8.
O-O-O Be7 9. f3 b5 10. Bf4 e5 11. Nxc6 dxc6 12. Be3 Be6 13. Qf2 O-O 14. Bb6 Qb7
15. g4 Nd7 16. Be3 a5 17. Kb1 a4 18. Ne2 b4 19. Ng3 b3 20. Nf5 bxa2+ 21. Ka1
Ba3 22. bxa3 Rfb8 23. Bb6 Nxb6 24. Nd6 Qc7 25. Qc5 Nd7 26. Qc3 Ra5 27. Qe3 Qxd6
28. Bc4 Rb1+ 29. Rxb1 axb1=Q+ 30. Rxb1 Bxc4 31. Rb4 Rb5 32. Qg5 Qd4+ 33. Kb1
Rxb4+ 34. axb4 f6 35. Qc1 Bb5 36. g5 Qxb4+ 37. Ka1 a3 38. gxf6 Qc3+ 39. Kb1 Bc4
0-1

[Event "27. ekipno prvenstvo RH - I.B"]
[Site "Biograd, Hotel Adria"]
[Date "2018.09.23"]
[Round "9.31"]
[White "Antunac, Goran"]
[Black "Pap, Misa"]
[Result "1-0"]
[WhiteElo "2359"]
[BlackElo "2482"]
[PlyCount "79"]
[EventDate "2018.09.15"]
[WhiteTeam "AŠK JUNIOR Rijeka"]
[BlackTeam "ŠK ŠIBENIK Šibenik"]

1. d4 f5 2. g3 Nf6 3. Bg2 g6 4. Nd2 Bg7 5. e4 fxe4 6. Nxe4 Nxe4 7. Bxe4 d5 8.
Bg2 O-O 9. Nh3 c6 10. Nf4 Qd6 11. O-O Nd7 12. Ne2 e5 13. a4 exd4 14. Nxd4 Ne5
15. h3 Qc5 16. c3 Bd7 17. Nb3 Qc4 18. Be3 b6 19. a5 Nd3 20. axb6 axb6 21. Nd4
Nxb2 22. Qc2 Na4 23. Rfc1 Bf5 24. Qd2 Bxd4 25. cxd4 Qb5 26. Bh6 Rfe8 27. Qf4
Re7 28. Qd6 Rae8 29. Rxc6 Be4 30. Rc8 Kf7 31. Qf4+ Bf5 32. Rac1 Re1+ 33. Kh2
Rxc1 34. Rxc1 Nb2 35. Qd6 Nc4 36. Qxd5+ Qxd5 37. Bxd5+ Be6 38. Bxe6+ Kxe6 39.
Rxc4 Kd5 40. Rb4 1-0

[Event "27. ekipno prvenstvo RH - I.B"]
[Site "Biograd, Hotel Adria"]
[Date "2018.09.23"]
[Round "9.32"]
[White "Nikcevic, Nebojsa"]
[Black "Mufic, Goran"]
[Result "0-1"]
[WhiteElo "2428"]
[BlackElo "2254"]
[PlyCount "48"]
[EventDate "2018.09.15"]
[WhiteTeam "ŠK ŠIBENIK Šibenik"]
[BlackTeam "AŠK JUNIOR Rijeka"]

1. c4 e6 2. Nf3 Nf6 3. b3 d5 4. Bb2 Be7 5. e3 O-O 6. d4 Nbd7 7. Nbd2 c6 8. Bd3
b6 9. O-O Bb7 10. Rc1 Rc8 11. Qe2 c5 12. Rfd1 Rc7 13. e4 dxe4 14. Nxe4 Qa8 15.
Neg5 cxd4 16. Nxd4 Nc5 17. Bc2 h6 18. Nb5 Rd7 19. Rxd7 Ncxd7 20. Nxe6 Bxg2 21.
Nf4 Qf3 22. Re1 Qxf4 23. Kxg2 Ng4 24. Rh1 Qg5 0-1

[Event "27. ekipno prvenstvo RH - I.B"]
[Site "Biograd, Hotel Adria"]
[Date "2018.09.23"]
[Round "9.33"]
[White "Ramesa, Davor"]
[Black "Matkovic, Tonci"]
[Result "0-1"]
[WhiteElo "2303"]
[BlackElo "2274"]
[PlyCount "70"]
[EventDate "2018.09.15"]
[WhiteTeam "AŠK JUNIOR Rijeka"]
[BlackTeam "ŠK ŠIBENIK Šibenik"]

1. Nf3 Nf6 2. c4 e6 3. g3 d5 4. d4 dxc4 5. Qa4+ Bd7 6. Qxc4 Bc6 7. Bg2 Nbd7 8.
Nc3 Nd5 9. O-O Nxc3 10. bxc3 Nf6 11. Bg5 Be7 12. Rfe1 O-O 13. Bxf6 Bxf6 14. e4
Qd7 15. Rad1 Rfd8 16. Rd2 a5 17. Qb3 b5 18. Bh3 a4 19. Qc2 Qe8 20. Re3 Bb7 21.
Bf1 c5 22. Qb1 b4 23. e5 Be7 24. cxb4 cxb4 25. Bd3 g6 26. h4 Rac8 27. Be4 Bxe4
28. Qxe4 Qc6 29. Qf4 Qd5 30. Kh2 Rc1 31. Red3 Rdc8 32. Rb2 Ra1 33. Rdd2 Rcc1
34. g4 Rh1+ 35. Kg3 Bxh4+ 0-1

[Event "27. ekipno prvenstvo RH - I.B"]
[Site "Biograd, Hotel Adria"]
[Date "2018.09.23"]
[Round "9.34"]
[White "Vlaic, Branko"]
[Black "Tomulic, Teo"]
[Result "1-0"]
[WhiteElo "2246"]
[BlackElo "2264"]
[PlyCount "39"]
[EventDate "2018.09.15"]
[WhiteTeam "ŠK ŠIBENIK Šibenik"]
[BlackTeam "AŠK JUNIOR Rijeka"]

1. d4 Nf6 2. Nf3 d5 3. Bf4 c5 4. e3 Nc6 5. Nbd2 Qb6 6. dxc5 Qxb2 7. Rb1 Qa3 8.
Bb5 e6 9. O-O Bxc5 10. Ne5 O-O 11. Nec4 dxc4 12. Nxc4 Rd8 13. Nxa3 Rxd1 14.
Rfxd1 Bxa3 15. Bxc6 bxc6 16. Rd8+ Bf8 17. Rb8 Rxb8 18. Bxb8 Bd7 19. Be5 Ng4 20.
Bd6 1-0

[Event "27. ekipno prvenstvo RH - I.B"]
[Site "Biograd, Hotel Adria"]
[Date "2018.09.23"]
[Round "9.35"]
[White "Safar, Sandro"]
[Black "Viskic, Pavisa"]
[Result "1-0"]
[WhiteElo "2214"]
[BlackElo "2176"]
[PlyCount "77"]
[EventDate "2018.09.15"]
[WhiteTeam "AŠK JUNIOR Rijeka"]
[BlackTeam "ŠK ŠIBENIK Šibenik"]

1. d4 g6 2. e4 Bg7 3. Nc3 d6 4. Be3 a6 5. Qd2 b5 6. f3 Bb7 7. h4 h5 8. Nh3 Nd7
9. Ng5 c5 10. d5 Ngf6 11. Ne2 Nf8 12. Nf4 N6h7 13. Nxh7 Nxh7 14. c3 Bc8 15. g3
Nf6 16. Nh3 Bd7 17. Bg2 a5 18. O-O O-O 19. Bh6 Kh7 20. Ng5+ Kg8 21. Bxg7 Kxg7
22. Kh2 Nh7 23. Nxh7 Kxh7 24. f4 f5 25. e5 Bc8 26. Rfe1 Ra7 27. Re3 Kg7 28.
Rae1 Kf7 29. Bf3 Rh8 30. b3 Rf8 31. a3 Rh8 32. Kh3 Rf8 33. Qe2 Rb7 34. b4 axb4
35. axb4 c4 36. Bxh5 gxh5 37. Qxh5+ Kg7 38. Qg5+ Kf7 39. e6+ 1-0

[Event "27. ekipno prvenstvo RH - I.B"]
[Site "Biograd, Hotel Adria"]
[Date "2018.09.23"]
[Round "9.36"]
[White "Grgurevic, Boris"]
[Black "Horvat, Sasa"]
[Result "1-0"]
[WhiteElo "2145"]
[BlackElo "2175"]
[PlyCount "89"]
[EventDate "2018.09.15"]
[WhiteTeam "ŠK ŠIBENIK Šibenik"]
[BlackTeam "AŠK JUNIOR Rijeka"]

1. e4 d5 2. exd5 Nf6 3. Bb5+ Bd7 4. Be2 Bf5 5. Nc3 Nxd5 6. Nxd5 Qxd5 7. Bf3 Be4
8. d3 Bxf3 9. Qxf3 Qxf3 10. Nxf3 Nc6 11. Bd2 e5 12. O-O-O f6 13. Bc3 O-O-O 14.
Nd2 Bc5 15. Rhf1 Rhe8 16. Rde1 h6 17. Ne4 Bb6 18. f4 exf4 19. Rxf4 Ne7 20. Rff1
Nd5 21. Bd2 c6 22. Nd6+ Kd7 23. Nxe8 Rxe8 24. Rxe8 Kxe8 25. c4 Nc7 26. Re1+ Kf7
27. Be3 c5 28. b4 cxb4 29. Bxb6 axb6 30. Kd2 b5 31. Rb1 bxc4 32. dxc4 Na6 33.
a3 bxa3 34. Rxb7+ Kg6 35. Ra7 Nc5 36. Rxa3 h5 37. Ke3 f5 38. Kd4 Ne4 39. c5 h4
40. c6 Nd6 41. Kc5 Ne4+ 42. Kd5 Nf6+ 43. Ke6 Ne8 44. Kd7 Nf6+ 45. Kd8 1-0

[Event "27. ekipno prvenstvo RH - I.B"]
[Site "Biograd, Hotel Adria"]
[Date "2018.09.23"]
[Round "9.43"]
[White "Ivekovic, Zvonimir"]
[Black "Rade, Miroslav"]
[Result "1/2-1/2"]
[WhiteElo "2424"]
[BlackElo "2395"]
[PlyCount "46"]
[EventDate "2018.09.15"]
[WhiteTeam "ŠŠK PODRAVKA Koprivnica"]
[BlackTeam "ŠK BRDA Split"]

1. e4 e5 2. Nf3 Nc6 3. d4 exd4 4. Nxd4 Bc5 5. Nb3 Bb6 6. Nc3 Nf6 7. Qe2 a5 8.
a4 O-O 9. Bg5 Nd4 10. Qd3 Nxb3 11. cxb3 h6 12. Bh4 d5 13. exd5 Re8+ 14. Be2 Bg4
15. O-O-O Bxe2 16. Nxe2 Qxd5 17. Nc3 Qxd3 18. Rxd3 Ne4 19. Nxe4 Rxe4 20. Bg3 f5
21. f3 Re2 22. Re1 Rae8 23. Kd1 R2e7 1/2-1/2

[Event "27. ekipno prvenstvo RH - I.B"]
[Site "Biograd, Hotel Adria"]
[Date "2018.09.23"]
[Round "9.51"]
[White "Ruck, Robert"]
[Black "Livaic, Leon"]
[Result "1/2-1/2"]
[WhiteElo "2502"]
[BlackElo "2483"]
[PlyCount "79"]
[EventDate "2018.09.15"]
[WhiteTeam "ŠK ĐURO ĐAKOVIĆ Slavonski Brod"]
[BlackTeam "HAŠK MLADOST Zagreb"]

1. e4 c5 2. Nf3 d6 3. Bb5+ Nd7 4. d4 cxd4 5. Qxd4 a6 6. Bxd7+ Bxd7 7. c4 e5 8.
Qd3 h6 9. Nc3 Nf6 10. O-O Rc8 11. b3 Qc7 12. a4 Be7 13. Ba3 b5 14. axb5 axb5
15. Nxb5 Bxb5 16. cxb5 O-O 17. Rfc1 Qb7 18. Nd2 Rb8 19. Rc6 Rfd8 20. Rac1 Qxb5
21. Qxb5 Rxb5 22. Rc8 Rb8 23. Rxd8+ Rxd8 24. f3 Bf8 25. Nc4 d5 26. Bxf8 Kxf8
27. Rd1 Rb8 28. exd5 Rxb3 29. d6 Nd7 30. Ra1 f6 31. Ra7 Ke8 32. Kf2 Rd3 33. g4
g6 34. h4 Rd4 35. Rc7 Kd8 36. Rc6 Nb8 37. Rb6 Nd7 38. Rc6 Nb8 39. Rb6 Nd7 40.
Rc6 1/2-1/2

[Event "27. ekipno prvenstvo RH - I.B"]
[Site "Biograd, Hotel Adria"]
[Date "2018.09.23"]
[Round "9.52"]
[White "Plat, Vojtech"]
[Black "Horvath, Adam"]
[Result "1/2-1/2"]
[WhiteElo "2540"]
[BlackElo "2481"]
[PlyCount "67"]
[EventDate "2018.09.15"]
[WhiteTeam "HAŠK MLADOST Zagreb"]
[BlackTeam "ŠK ĐURO ĐAKOVIĆ Slavonski Brod"]

1. e4 c5 2. Nf3 e6 3. d4 cxd4 4. Nxd4 Nc6 5. Nc3 Qc7 6. Be2 a6 7. Be3 Nf6 8. a3
Be7 9. O-O O-O 10. f4 d6 11. Kh1 Nxd4 12. Bxd4 b5 13. Qe1 Bb7 14. Qg3 Rad8 15.
Bf3 Bc6 16. Rad1 Qb7 17. Rfe1 g6 18. Qg5 e5 19. fxe5 Nxe4 20. Qh6 Bg5 21. Qh3
Nxc3 22. Bxc6 Qxc6 23. Qxc3 Qxc3 24. Bxc3 dxe5 25. Bxe5 Rxd1 26. Rxd1 Re8 27.
Bc3 Re2 28. g3 Rxc2 29. Rd6 f5 30. Rxa6 Bc1 31. a4 bxa4 32. Rxa4 Bxb2 33. Ra8+
Kf7 34. Ra7+ 1/2-1/2

[Event "27. ekipno prvenstvo RH - I.B"]
[Site "Biograd, Hotel Adria"]
[Date "2018.09.23"]
[Round "9.54"]
[White "Vujakovic, Branko"]
[Black "Martic, Zlatko"]
[Result "1/2-1/2"]
[WhiteElo "2340"]
[BlackElo "2244"]
[PlyCount "60"]
[EventDate "2018.09.15"]
[WhiteTeam "HAŠK MLADOST Zagreb"]
[BlackTeam "ŠK ĐURO ĐAKOVIĆ Slavonski Brod"]

1. e4 c5 2. Nf3 e6 3. d4 cxd4 4. Nxd4 Nc6 5. Nc3 Qc7 6. Be2 a6 7. O-O b5 8.
Nxc6 Qxc6 9. e5 Bb7 10. Bf3 Qc7 11. Bf4 Ne7 12. Re1 Rc8 13. Bxb7 Qxb7 14. Ne4
Nd5 15. Bg5 h6 16. Bh4 Qc6 17. c3 d6 18. Bg3 h5 19. h3 dxe5 20. Bxe5 f6 21. Bh2
Kf7 22. a4 b4 23. Qe2 bxc3 24. bxc3 e5 25. Rec1 Be7 26. c4 Nc7 27. f4 exf4 28.
Bxf4 Ne6 29. Bg3 Nc5 30. Nxc5 Bxc5+ 1/2-1/2